000 00310nam a22001337a 4500
008 170601b xxu||||| |||| 00| 0 eng d
020 _a9780876091999
041 _aeng
080 _a94(100)
100 _a17
101 _aSHH
245 _aINDIA,PAKISTAN AND THE UNITED STATES
_cKHELI,SH.R
942 _2udc
_cBK
999 _c15452
_d15452